Ruca prepara uma surpresa (Registo nº 6019)
[ vista simples ]
| 000 -Etiqueta do registo | |
|---|---|
| Valores | 00764nam a2200265 4500 |
| 010 ## - Número ISBN | |
| ISBN | 9789724144634 |
| 021 ## - Número do Depósito Legal | |
| Número | 286376/08 |
| 100 ## - Dados gerais de processamento | |
| Dados gerais | 20250925d2008 bc y0pory5003 ba |
| 200 1# - Titulo e menção de responsabilidade | |
| Título próprio | Ruca prepara uma surpresa |
| Primeira menção de responsabilidade | texto adapt. Jeannine Beaulieu |
| Outras menções de responsabilidade | trad. e adapt. Sara Costa |
| 205 ## - Menção da edição | |
| Edição | 6ª ed. |
| 210 #9 - Publicação | |
| Local de publicação | [Porto] |
| Nome do editor | Asa |
| Data de publicação | 2008 |
| 215 ## - Descrição física | |
| Paginação / Volumes | [24] p. |
| Outras indicações físicas | il. |
| 225 2# - Colecção | |
| Título próprio da colecção | Ruca |
| Indicação de volume | 7 |
| 304 ## - Nota relativa ao título | |
| Texto de nota | Tít. orig.: Caillou prépare une surprise |
| 606 ## - Nome comum usado como assunto | |
| ID Autoridade | 14 |
| Palavra de ordem | Literatura infantil |
| 606 ## - Nome comum usado como assunto | |
| ID Autoridade | 13 |
| Palavra de ordem | Literatura Estrangeira |
| 675 ## - CDU | |
| Notação | 82-93 |
| Edição | BN |
| Língua | por |
| 675 ## - CDU | |
| Notação | 821.1/.8 |
| Edição | BN |
| Língua | por |
| 702 ## - Autor secundário (pessoa individual) | |
| Apelido | Beaulieu |
| Nome | Jeannine |
| ID Autoridade | 5705 |
| 702 ## - Autor secundário (pessoa individual) | |
| Apelido | Costa |
| Nome | Sara |
| ID Autoridade | 3288 |
| 801 #0 - Fonte de origem | |
| País | PT |
| Agência | BEN2VN |
| Regras de catalogação | RPC |
| 830 ## - Notas gerais do catalogador | |
| Criado por | Tânia Croca |
| Data de criação | 25/09/2025 |
| 990 ## - Elementos KOHA | |
| Tipo de documento | Livro |
| Situação do levantamento | Biblioteca de origem | Código de barras | Cota | Permissão de empréstimo | Tipo de documento | Forma de aquisição |
|---|---|---|---|---|---|---|
| Biblioteca Escola Nº2 Vendas Novas | 100000012063 | LI EST/BEA | Livro |